000
00289nam a2200109Ia 4500
001
1263873
005
20260417141927.0
008
260417s9999 xx 000 0 und d
020
_a
9786257854535
245
0
_a
Kayıp Ülkenin İzinde
_c
Ahmet Hamdi Tanpınar
260
_b
Ketebe Yayınları
999
_c
1263873
_d
1263873